000
00298nam a2200133Ia 4500
008
191201s2009 xx 000 0 und d
100
_a
HEIZER,Jay
245
0
_a
Operations Management
250
_a
IMP
260
_a
N. Delhi
_b
Pearson
_c
2009
300
_a
762+10
650
_a
MBA
942
_2
ddc
_c
BK
999
_c
4391
_d
4391